000 00327nam a2200133Ia 4500
008 240112s1984 xx 000 0 und d
022 _a08151-7314-8,0084-3873
041 _aeng
082 _a616.05
100 _aROGERS D.E.
245 _aYEAR BOOK OF MEDICINE
260 _bYEAR BOOK OF MED.PUB.
_c1984
300 _a773,HB
999 _c1140952
_d1140952